Giáo trình di truyền và chọn giống cây trồng
Tài liệu trình bày các vấn đề lý luận và thực hành của công tác di truyền và chọn giống cây trồng.
Đã lưu trong:
| Hovedforfatter: | |
|---|---|
| Format: | Bog |
| Sprog: | Undetermined |
| Udgivet: |
Hà Nội
Nhà xuất bản Hà Nội
2006
|
| Fag: | |
| Tags: |
Tilføj Tag
Ingen Tags, Vær først til at tagge denne postø!
|
| Thư viện lưu trữ: | Trung tâm Học liệu Trường Đại học Cần Thơ |
|---|
| LEADER | 00791nam a2200217Ia 4500 | ||
|---|---|---|---|
| 001 | CTU_122213 | ||
| 008 | 210402s9999 xx 000 0 und d | ||
| 020 | |c 47000 | ||
| 082 | |a 631.5233 | ||
| 082 | |b D507 | ||
| 100 | |a Phạm, Văn Duệ | ||
| 245 | 0 | |a Giáo trình di truyền và chọn giống cây trồng | |
| 245 | 0 | |c Phạm Văn Duệ | |
| 260 | |a Hà Nội | ||
| 260 | |b Nhà xuất bản Hà Nội | ||
| 260 | |c 2006 | ||
| 520 | |a Tài liệu trình bày các vấn đề lý luận và thực hành của công tác di truyền và chọn giống cây trồng. | ||
| 650 | |a Plant breeding,Plant selection | ||
| 650 | |x Genetics,Genetics | ||
| 904 | |i Nguyên | ||
| 980 | |a Trung tâm Học liệu Trường Đại học Cần Thơ | ||